000 01078nam a22003257i 4500
003 EG-GICUC
005 20260402101123.0
008 260402s1896 fr a|||f |||| 00| 0 fre d
040 _aEG-GiCUC
_bfre
_cEG-GiCUC
_dEG-GiCUC
_erda
044 _afr#
082 0 4 _221
_a341.6
_bJ E . E
092 0 4 _221
_a341.6
099 _aLaw1 11 341.6 J E . E 1896
100 1 _aJèze, Gaston
_eAuthor.
245 1 0 _aÉtude théorique et pratique sur l'occupation comme mode d'acquérir les territoires en droit international /
_cGaston Jèze
264 1 _aParis :
_bV. Giard & E. Brière,
_c1896.
300 _a387 pages :
_billustrations,
_c24 cm
336 _2rda content
_atext
337 _2rda media
_aComputer
338 _2rda carrier
_aOnline Resource
504 _aBibliography: pages 200-250.
546 _a Text in German
650 1 _aDroit de la guerre
_2qrmak
650 1 _al'occupation
650 1 _aDroit international humanitaire
651 1 _2qrmak
856 4 0 _uhttps://fll.law.cu.edu.eg/fulltext/bks/B11-09135.pdf
905 _a15
942 _2ddc
_cBK
_e21
_n0
999 _c68394
_d68394